Rôles Les Loups-garous de Thiercelieux A-V - Statistiques

Statistiques générales
  • Ce quiz a été pris 68 fois
  • Le résultat moyen est 10 sur 16
Statistiques - réponses
Par images Hint Réponse % Correct
C Chasseur
98%
P Petite Fille
92%
V Voyante
89%
A Ange
88%
R Renard
88%
S Sorcière
88%
L Loup-Garou Blanc
85%
E Enfant Sauvage
68%
J Joueur de Flûte
67%
M Marionnettiste
56%
I Idiot du Village
36%
T Trois Frères
36%
B Bouc Émissaire
35%
D Deux Sœurs
33%
N Nécromancien
15%
G Gitane
11%
Aucun quiz correspondant
Distribution des résultats
% des personnes avec chaque résultat
Percentile par nombre de réponses
Votre historique - résultats
Vous n’avez pas pris ce quiz